Hyperbolicity and sensitive chaotic dynamics at homoclinic bifurcations: fractal dimensions and infinitely many attractors

Guardat en:
Dades bibliogràfiques
Autors principals: Palis, Jacob (Autor), Takens, Floris (Autor)
Format: Llibre
Idioma:anglès
Publicat: Cambridge Cambridge University 1995
Col·lecció:Cambridge Studies in Advanced mathematics, 35
Matèries:
Etiquetes: Afegir etiqueta
Sense etiquetes, Sigues el primer a etiquetar aquest registre!

MARC

LEADER 00000nam a2200000 a 4500
001 UCG5841
003 CL-VaPUC
008 110324e19950000uk |||||||||||||||||eng|d
020 |a 9780521475723 
082 0 4 |a 514.7  |b PAL  |2 21 
100 |a Palis, Jacob  |e author  |9 555715 
700 0 |a Takens, Floris  |e author  |9 555716 
245 1 0 |a Hyperbolicity and sensitive chaotic dynamics at homoclinic bifurcations: fractal dimensions and infinitely many attractors 
300 |a 234 p 
942 |c BK 
945 |d 20110324 00:00:00  |a dcastane 
260 |a Cambridge  |b Cambridge University  |c 1995 
650 0 |a Topología analítica  |9 423987 
650 7 |a BIFURCACIONES  |2 CL-VaPUC  |9 425460 
650 7 |a DINAMICA HIPERBOLICA  |2 CL-VaPUC  |9 430174 
583 |a last modification  |c 20130807 01:53:12  |k Rodrigo Vera 
490 0 |a Cambridge Studies in Advanced mathematics, 35 
999 |c 344203  |d 344201 
952 |0 0  |1 0  |4 0  |6 514_700000000000000_PAL_1995  |7 0  |8 A  |9 442048  |a BIBMAT  |b BIBMAT  |d 2019-11-22  |i 4758676  |l 1  |o 514.7 PAL 1995  |p 4758676  |r 2025-01-07  |s 2024-10-22  |w 2019-11-22  |y BK  |k MAT